000 00653nam a2200229 a 4500
001 19953
003 CO-ViMGA
008 141112s2004 ck r 000 u spa d
020 _a9580462410
040 _aCO-ViMGA
_bspa
_cCO-ViMGA
082 0 4 _a302.2 G745i
100 1 _aGrimson, Alejandro
_928969
245 1 0 _aInterculturalidad y comunicación
260 _aBogotá :
_bNorma,
_c2000
300 _a142 p.
490 _aEnciclopedia Latinoaméricana de Sociocultura y Comunicación
590 _aForma de adquisición : Premio Mincultura
650 1 4 _aCOMUNICACION
_952539
650 1 4 _aCULTURA
650 1 4 _aMULTICULTURALISMO
942 _2ddc
_cBK
999 _c29073
_d29073